<?xml version="1.0" encoding="UTF-8"?>
<record
    xmlns:xsi="http://www.w3.org/2001/XMLSchema-instance"
    xsi:schemaLocation="http://www.loc.gov/MARC21/slim http://www.loc.gov/standards/marcxml/schema/MARC21slim.xsd"
    xmlns="http://www.loc.gov/MARC21/slim">

  <leader>00949nam a2200289 u 4500</leader>
  <controlfield tag="001">898409</controlfield>
  <controlfield tag="005">20260506154130.0</controlfield>
  <controlfield tag="008">041104m20042011                    spa  </controlfield>
  <datafield tag="020" ind1=" " ind2=" ">
    <subfield code="a">9789582007461</subfield>
  </datafield>
  <datafield tag="035" ind1=" " ind2=" ">
    <subfield code="a">898409</subfield>
  </datafield>
  <datafield tag="035" ind1=" " ind2=" ">
    <subfield code="a">(OCoLC)57245438</subfield>
  </datafield>
  <datafield tag="040" ind1=" " ind2=" ">
    <subfield code="c">comduadb</subfield>
  </datafield>
  <datafield tag="041" ind1=" " ind2=" ">
    <subfield code="a">spa</subfield>
  </datafield>
  <datafield tag="082" ind1=" " ind2="4">
    <subfield code="a">375</subfield>
  </datafield>
  <datafield tag="100" ind1="1" ind2="0">
    <subfield code="a">Hoyos Regino, Santander Enrique</subfield>
    <subfield code="4">aut</subfield>
    <subfield code="e">aut</subfield>
    <subfield code="9">397161</subfield>
  </datafield>
  <datafield tag="245" ind1="1" ind2="0">
    <subfield code="a">Curriculo y planeacion educativa : fundamentos, modelos, diseno y administracion del curriculo</subfield>
  </datafield>
  <datafield tag="250" ind1=" " ind2=" ">
    <subfield code="a">1. edici&#xF3;n</subfield>
  </datafield>
  <datafield tag="260" ind1=" " ind2=" ">
    <subfield code="a">Bogot&#xE1; :</subfield>
    <subfield code="b">Ediciones Magisterio,</subfield>
    <subfield code="c">2004. 2011 reimpresi&#xF3;n.</subfield>
  </datafield>
  <datafield tag="300" ind1=" " ind2=" ">
    <subfield code="a">126 p&#xE1;ginas</subfield>
  </datafield>
  <datafield tag="650" ind1=" " ind2=" ">
    <subfield code="a">Curr&#xED;culo de educaci&#xF3;n</subfield>
    <subfield code="9">186348</subfield>
  </datafield>
  <datafield tag="650" ind1=" " ind2=" ">
    <subfield code="a">Curriculo - Teoria</subfield>
    <subfield code="9">135850</subfield>
  </datafield>
  <datafield tag="650" ind1=" " ind2="7">
    <subfield code="a">Planificaci&#xF3;n curricular</subfield>
    <subfield code="2">lemb</subfield>
    <subfield code="9">7335</subfield>
  </datafield>
  <datafield tag="650" ind1=" " ind2="7">
    <subfield code="a">Curr&#xED;culo</subfield>
    <subfield code="2"></subfield>
    <subfield code="9">2751</subfield>
  </datafield>
  <datafield tag="700" ind1="1" ind2="0">
    <subfield code="a">Hoyos Regino, Paulina Esther</subfield>
    <subfield code="4">aut</subfield>
    <subfield code="e">aut</subfield>
    <subfield code="9">543302</subfield>
  </datafield>
  <datafield tag="700" ind1="1" ind2="0">
    <subfield code="a">Cabas Valle, Horacio Alfredo</subfield>
    <subfield code="4">aut</subfield>
    <subfield code="e">aut</subfield>
    <subfield code="9">397166</subfield>
  </datafield>
  <datafield tag="942" ind1=" " ind2=" ">
    <subfield code="c">BOOK</subfield>
  </datafield>
  <datafield tag="999" ind1=" " ind2=" ">
    <subfield code="c">331845</subfield>
    <subfield code="d">331845</subfield>
  </datafield>
  <datafield tag="952" ind1=" " ind2=" ">
    <subfield code="0">0</subfield>
    <subfield code="1">0</subfield>
    <subfield code="4">0</subfield>
    <subfield code="7">0</subfield>
    <subfield code="8">GEN</subfield>
    <subfield code="a">BC</subfield>
    <subfield code="b">BC</subfield>
    <subfield code="d">2010-12-16</subfield>
    <subfield code="e">Material pagado con consignaci&#xF3;n</subfield>
    <subfield code="i">C1106379</subfield>
    <subfield code="l">1</subfield>
    <subfield code="m">1</subfield>
    <subfield code="o">375.001 H868 e2</subfield>
    <subfield code="p">0751522</subfield>
    <subfield code="r">2025-09-29 12:57:19</subfield>
    <subfield code="s">2025-09-04</subfield>
    <subfield code="t">1</subfield>
    <subfield code="w">2023-04-25</subfield>
    <subfield code="y">BOOK</subfield>
  </datafield>
  <datafield tag="952" ind1=" " ind2=" ">
    <subfield code="0">0</subfield>
    <subfield code="1">0</subfield>
    <subfield code="4">0</subfield>
    <subfield code="7">0</subfield>
    <subfield code="8">GENERAL</subfield>
    <subfield code="a">ANDES</subfield>
    <subfield code="b">ANDES</subfield>
    <subfield code="d">2017-09-27</subfield>
    <subfield code="e">Librer&#xED;a de la U</subfield>
    <subfield code="g">21025.00</subfield>
    <subfield code="i">C1269336</subfield>
    <subfield code="l">0</subfield>
    <subfield code="o">375.001 H868</subfield>
    <subfield code="p">1044938</subfield>
    <subfield code="r">2023-04-25 00:00:00</subfield>
    <subfield code="t">3</subfield>
    <subfield code="w">2023-04-25</subfield>
    <subfield code="y">BOOK</subfield>
  </datafield>
</record>
